Разработка и применение метода многоуглового сканирования для регистрации пространственного энергетического распределения ионизирующего излучения в поперечном сечении пучка: диссертация на соискание ученой степени кандидата физико-математических наук; спец. 01.04.01
| Autor principal: | |
|---|---|
| Autor Corporativo: | |
| Outros Autores: | |
| Resumo: | Заглавие с титульного экрана Электронная версия печатной публикации Защита сост. 24.12.2020 г. |
| Idioma: | russo |
| Publicado em: |
Томск, 2020
|
| Assuntos: | |
| Acesso em linha: | http://earchive.tpu.ru/handle/11683/63280 |
| Formato: | Recurso Electrónico Livro |
| KOHA link: | https://koha.lib.tpu.ru/cgi-bin/koha/opac-detail.pl?biblionumber=345269 |
MARC
| LEADER | 00000nam0a2200000 4500 | ||
|---|---|---|---|
| 001 | 345269 | ||
| 005 | 20250512115001.0 | ||
| 035 | |a (RuTPU)RU\TPU\book\377106 | ||
| 035 | |a RU\TPU\book\377105 | ||
| 090 | |a 345269 | ||
| 100 | |a 20201020d2020 k y0rusy50 ca | ||
| 101 | 0 | |a rus | |
| 102 | |a RU | ||
| 105 | |a a m 000zy | ||
| 135 | |a drgn ---uucaa | ||
| 181 | 0 | |a i | |
| 182 | 0 | |a b | |
| 200 | 1 | |a Разработка и применение метода многоуглового сканирования для регистрации пространственного энергетического распределения ионизирующего излучения в поперечном сечении пучка |e диссертация на соискание ученой степени кандидата физико-математических наук |e спец. 01.04.01 |f А. А. Булавская |g Национальный исследовательский Томский политехнический университет ; науч. рук. С. Г. Стучебров | |
| 203 | |a Текст |c электронный | ||
| 210 | |a Томск |d 2020 | ||
| 215 | |a 1 файл (5 057 КБ) | ||
| 300 | |a Заглавие с титульного экрана | ||
| 300 | |a Электронная версия печатной публикации | ||
| 300 | |a Защита сост. 24.12.2020 г. | ||
| 606 | 1 | |a Ионизирующие излучения |x Регистрация |2 stltpush |3 (RuTPU)RU\TPU\subj\13060 |9 39742 | |
| 610 | 1 | |a электронный ресурс | |
| 610 | 1 | |a труды учёных ТПУ | |
| 610 | 1 | |a диссертации | |
| 610 | 1 | |a сканирование | |
| 610 | 1 | |a регистрация | |
| 610 | 1 | |a пространственные распределения | |
| 610 | 1 | |a энергетические распределения | |
| 610 | 1 | |a поперечные сечения | |
| 610 | 1 | |a пучки излучений | |
| 610 | 1 | |a пространственные характеристики | |
| 610 | 1 | |a детектирование | |
| 610 | 1 | |a реконструкция | |
| 610 | 1 | |a сканирующие детекторы | |
| 610 | 1 | |a излучение Вавилова-Черенкова | |
| 610 | 1 | |a диэлектрические материалы | |
| 610 | 1 | |a импульсные пучки | |
| 610 | 1 | |a диагностические методы | |
| 610 | 1 | |a ускорительные установки | |
| 610 | 1 | |a многоугловое сканирование | |
| 610 | 1 | |a преобразование Радона | |
| 675 | |a 539.1.074(04) |v 4 | ||
| 686 | |a 01.04.01 |2 oksvnk | ||
| 700 | 1 | |a Булавская |b А. А. |c специалист в области ядерных технологий |c старший преподаватель Томского политехнического университета, кандидат физико-математических наук |f 1993- |g Ангелина Александровна |3 (RuTPU)RU\TPU\pers\44939 |9 21864 | |
| 702 | 1 | |a Стучебров |b С. Г. |c физик |c доцент Томского политехнического университета, кандидат физико-математических наук |f 1981- |g Сергей Геннадьевич |3 (RuTPU)RU\TPU\pers\31441 |4 727 |9 15603 | |
| 712 | 0 | 2 | |a Национальный исследовательский Томский политехнический университет |b Исследовательская школа физики высокоэнергетических процессов |c (2017- ) |3 (RuTPU)RU\TPU\col\23551 |
| 801 | 2 | |a RU |b 63413507 |c 20201109 |g RCR | |
| 850 | |a 63413507 | ||
| 856 | 4 | |u http://earchive.tpu.ru/handle/11683/63280 | |
| 942 | |c BK | ||